000 05356cam a22018974i 4500
001 u154602
003 PE-LiUPU
005 20250813165329.0
008 150922s2012 ag rb 000 0 spa d
020 _a9789875913226
020 _a9875913227
035 _a(Sirsi) i9789875913226
040 _aCO-BoBLA
_bspa
_cCO-BoBLA
_dPE-LiUPU
_erda
049 _aPRUA
082 0 4 _a616.8914
_bD78
_219
082 0 4 _a616.8914
_bD95
_220
100 1 _aDragotto, Pablo A.,
_eautor.
245 1 0 _aAcompañantes :
_bconceptualizaciones y experiencias en A.T. /
_cPablo A. Dragotto, María Laura Frank.
264 1 _aCórdoba :
_bEditorial Brujas,
_c2012.
300 _a239 páginas ;
_c24 centímetros
336 _atext
_2rdacontent
337 _aunmediated
_2rdamedia
338 _avolume
_2rdacarrier
504 _aBibliografía al finalizar cada capítulo.
505 0 _aAcompañamiento terapéutico -- La formación en el acompañamiento terapéutico -- Reflexiones sobre el encuadre en el acompañamiento terapéutico -- El acompañamiento terapéutico, campo de intervenciones específicas. Una cuestión ética -- Acompañando acompañantes. Notas acerca de la indicación, la coordinación y la supervisión en acompañamiento terapéutico -- Ética y acompañamiento terapéutico -- Hospitalidad y extranjería en el acompañamiento terapéutico -- El campo vincular en el acompañamiento terapéutico: at-paciente-equipo terapéutico-supervisión -- Adicciones -- Algunas puntualizaciones sobre el acompañamiento terapéutico con adolescentes -- Acompañamiento terapéutico grupal -- Acompañamiento terapéutico escolar -- Acompañamiento terapéutico en el ámbito educativo-- Acompañamiento terapéutico en el ámbito judicial.
526 _aP203
526 _aP200
526 _aSEG65
526 _aSEG64
526 _aSEG63
526 _aSEG62
526 _aSEG61
526 _aSEG60
526 _aSEG59
526 _aSEG58
526 _aSEG57
526 _aSEG56
526 _aSEG55
526 _aSEG54
526 _aSEG53
526 _aSEG52
526 _aSEG51
526 _aSEG50
526 _aSEG49
526 _aSEG48
526 _aSEG47
526 _aSEG46
526 _aSEG24
526 _aSEG23
526 _aSEG22
526 _aSEG21
526 _aSEG20
526 _aSEG19
526 _aSEG18
526 _aSEG17
526 _aSEG16
526 _aSEG14
526 _aSEG13
526 _aSEG12
526 _aSEG11
526 _aSEG10
526 _aSEG09
526 _aSEG06
526 _aSEG05
526 _aSEG04
526 _aSEG03
526 _aSEG02
526 _aSEG68
526 _aSEG66
526 _aSEG45
526 _aSEG25
526 _aSEG01
526 _aP163
526 _aP162
526 _aP161
526 _aP160
526 _aP159
526 _aP158
526 _aP157
526 _aP156
526 _aP155
526 _aP154
526 _aP153
526 _aP152
526 _aP151
526 _aP150
526 _aP149
526 _aP142
526 _aP141
526 _aP140
526 _aP139
526 _aP138
526 _aP137
526 _aP132
526 _aP131
526 _aP130
526 _aP126
526 _aP125
526 _aP124
526 _aP123
526 _aP115
526 _aP122
526 _aP121
526 _aP116
526 _a P114
526 _aP112
526 _aP111
526 _aP104
526 _aP103
526 _aP102
526 _aP101
526 _aP100
526 _aP96
526 _aP95
526 _aP93
526 _aP92
526 _aP91
526 _aP88
526 _aP83
526 _aP82
526 _aP79
526 _aP78
526 _aP75
526 _aP74
526 _aP71
526 _aP69
526 _a P51
526 _aP49
526 _aP48
526 _aP47
526 _aP33
526 _aP31
526 _a P30
526 _aP29
526 _aP27
526 _aP26
526 _aP25
526 _aP24
526 _a P22
526 _aP10
526 _aP09
526 _a P08
526 _aP06
526 _aP05
526 _aP04
526 _aP01
541 _g001-0039831;
541 _gF002-00000792;
596 _a1 2
650 1 4 _aAcompañamiento terapéutico.
650 2 4 _aAcompañamiento terapéutico
_xAspectos éticos y morales.
650 2 4 _aPsicoterapia.
_91799
700 1 _aFrank, María Luisa,
_eautor.
910 _aaas
_bjck
_caas
_d20150922
910 _adbm
_bsag
_csag
_d20190131
942 _2ddc
_cBOOK
994 _aC0
_bPEPRU
949 _a616.8914 D78
_wDEWEY
_c1
_iFT02943
_lCCODEBUT1
_mBUT
_p23.75
_r0
_sY
_tBOOK
_u2015-9-22
_xSALUD
_PP33
_0COMPRA
_o.STAFF. Colección General
999 _a616.8914 D78
_wDEWEY
_c7306
_iFT02943
_f2019-2-20
_g1
_lCCODEBUT1
_mBUT
_p23.75
_r0
_sY
_tBOOK
_u2015-9-22
_xSALUD
_zP33
_0COMPRA
_o.STAFF. Colección General
_d7306
999 _a616.8914 D95
_wDEWEY
_c1
_i79935
_f2021-11-4
_g3
_lCCODEBUL1
_mBUL
_p22.83
_r0
_sY
_tBOOK
_u2019-1-31
_xSALUD
_zP33
_0COMPRA
_1FCOMPR2
_o.STAFF. Colección Ciencias de la Salud
980 _81
_gALBERTO SANCHEZ Responsable de Automatización